000 01136naa a22002777a 4500
001 BR9406915
003 BR-BrBNA
005 20240918181313.0
007 ta
008 230509b bl.||||| |||| 00| 0 por d
040 _aBR-BrBNA
_bpor
_cBiblioteca Nacional de Agricultura
041 _a(Pt)
072 _aK10; E11
090 _aK10 BR9406915
100 1 _aKing, K.F.S.
111 1 _aSeminario sobre Planejamento do Desenvolvimento Florestal e do Uso da Terra
_cRio de Janeiro
_d11-14 Oct 1977
245 1 _aO planejamento do uso da terra e o desenvolvimento da floresta tropical
260 3 _aRio de Janeiro, RJ (Brasil):
_c1977.
500 _aAnais do Seminario sobre Planejamento do Desenvolvimento Florestal e do Uso da Terra. V. 2 Rio de Janeiro, RJ (Brasil): 1977. p. 1-10 (BR9406915-AM)K10
650 _aPlanejamento Florestal
650 _aReflorestamento
650 _aUso da Terra
773 0 _tAnais do Seminario sobre Planejamento do Desenvolvimento Florestal e do Uso da Terra. V. 2
_wK10 BR9406915
_gRio de Janeiro, RJ (Brasil), 1977. p. 1-10
909 _a202404
_bLucia
_c55
_dLucia Elande
942 _cAM
_2AGRIS
999 _c324652
_d324652